000 00689nam a2200289Ia 4500
005 20260324130814.0
008 008 260324s9999 xx 000 0 eng d
020 _a9781315590431
037 _aEBOOK
040 _aCRL
040 _beng
040 _cCRL
041 _2eng
041 _aeng
084 _qCRL
100 _aDean Phillip Bell
_91183153
245 0 _aJewish Identity in Early Modern Germany
245 0 _bMemory, Power and Community
260 _bTaylor and Francis
260 _c2007
365 _a
365 _b240
856 _uhttp://www.taylorfrancis.com/books/9781315590431
942 _cEBOOK
999 _c1779675
_d1779675